| 000 | 04448cam a22013214i 4500 | ||
|---|---|---|---|
| 001 | u51373 | ||
| 003 | PE-LiUPU | ||
| 005 | 20250813185613.0 | ||
| 008 | 150706s2009 sp a r 000 0 spa d | ||
| 020 | _a9788436821879 | ||
| 035 | _a(Sirsi) i9788436821879 | ||
| 040 |
_aPE-LiUPU _bspa _cPE-LiUPU _erda |
||
| 049 | _aPRUA | ||
| 082 | 0 | 4 |
_a370.4053 _bC26 _221 |
| 100 | 1 |
_aCarrobles, José Antonio, _eautor. |
|
| 245 | 1 | 0 |
_aEscuela de padres : _bguía práctica para evitar problemas de conducta y mejorar el desarrollo infantil / _cJosé Antonio Carrobles y Javier Pérez-Pareja. |
| 264 | 1 |
_aMadrid : _bPirámide, _c2009. |
|
| 300 |
_a174 páginas : _bilustraciones ; _c23 cm. |
||
| 336 |
_atext _2rdacontent |
||
| 337 |
_aunmediated _2rdamedia |
||
| 338 |
_avolume _2rdacarrier |
||
| 490 | 0 | _aColección "Ojos solares" . Sección Desarrollo | |
| 505 | 0 | _aCómo definir y medir la conducta -- El efecto de los antecedentes y consecuencias de la conducta -- Cómo hacer un gráfico de conducta -- Utilización de las consecuencias para cambiar la conducta -- Técnicas para incrementar una conducta -- Técnicas para reducir o eliminar conductas -- Técnicas para modificar las conductas inadecuadas -- Técnicas cognitivo-conductuales -- Las emociones también se aprenden -- Los niños también aprenden por imitación -- Principios a recordar -- Resumen final sobre el programa. | |
| 526 | _aP202 | ||
| 526 | _aP201 | ||
| 526 | _aP163 | ||
| 526 | _aP162 | ||
| 526 | _aP161 | ||
| 526 | _aP160 | ||
| 526 | _aP148 | ||
| 526 | _aP147 | ||
| 526 | _aP146 | ||
| 526 | _aP145 | ||
| 526 | _aP144 | ||
| 526 | _aP143 | ||
| 526 | _aP142 | ||
| 526 | _aP141 | ||
| 526 | _aP140 | ||
| 526 | _aP139 | ||
| 526 | _aP138 | ||
| 526 | _aP137 | ||
| 526 | _aP136 | ||
| 526 | _aP135 | ||
| 526 | _aP134 | ||
| 526 | _aP133 | ||
| 526 | _aP129 | ||
| 526 | _aP128 | ||
| 526 | _aP127 | ||
| 526 | _aP120 | ||
| 526 | _aP119 | ||
| 526 | _aP118 | ||
| 526 | _aP116 | ||
| 526 | _aP115 | ||
| 526 | _aP114 | ||
| 526 | _aP110 | ||
| 526 | _aP109 | ||
| 526 | _aP108 | ||
| 526 | _aP104 | ||
| 526 | _aP103 | ||
| 526 | _aP102 | ||
| 526 | _aP99 | ||
| 526 | _aP98 | ||
| 526 | _aP97 | ||
| 526 | _aP96 | ||
| 526 | _aP95 | ||
| 526 | _aP93 | ||
| 526 | _aP90 | ||
| 526 | _aP89 | ||
| 526 | _aP88 | ||
| 526 | _aP83 | ||
| 526 | _aP82 | ||
| 526 | _aP62 | ||
| 526 | _aP59 | ||
| 526 | _aP58 | ||
| 526 | _aP57 | ||
| 526 | _aP51 | ||
| 526 | _aP49 | ||
| 526 | _aP48 | ||
| 526 | _aP47 | ||
| 526 | _aP29 | ||
| 526 | _aP24 | ||
| 526 | _aP20 | ||
| 526 | _aP19 | ||
| 526 | _aP17 | ||
| 526 | _aP15 | ||
| 526 | _aP14 | ||
| 526 | _aP12 | ||
| 526 | _aP10 | ||
| 526 | _aP09 | ||
| 526 | _aP08 | ||
| 526 | _aP07 | ||
| 526 | _aP06 | ||
| 526 | _aP05 | ||
| 526 | _aP04 | ||
| 526 | _aP01 | ||
| 541 | _g044-0008309; | ||
| 541 | _g044-0008309; | ||
| 596 | _a1 2 | ||
| 650 | 0 | 4 |
_aEducación de niños. _91818 |
| 650 | 0 | 4 | _aNiños conducta. |
| 700 | 1 |
_aMéndez. Francisco Xavier, _edirector. |
|
| 700 | 1 |
_aPérez-Pareja, Javier, _eautor. |
|
| 910 |
_agl _bjv _cng _d20120821 |
||
| 942 |
_2ddc _cBOOK |
||
| 994 |
_aC0 _bPEPRU |
||
| 949 |
_a159.94 C26 2009 _wDEWEY _c1 _iFT02341 _d2018-4-13 _e2018-4-12 _lCCODEBUT1 _mBUT _n4 _p26.00 _r0 _sY _tBOOK _u2015-10-13 _xSALUD _PP33 _0COMPRA _o.STAFF. Colección General |
||
| 949 |
_a370.4053 C26 _wDEWEY _c1 _i65319 _d2018-5-31 _e2018-3-18 _f2018-2-10 _g2 _lCCODEBUL1 _mBUL _n4 _p19.00 _q2 _r0 _sY _tBOOK _u2015-7-6 _xSALUD _PP33 _0COMPRA _o.STAFF. Colección General |
||
| 949 |
_a370.4053 C26 _wDEWEY _c2 _i65320 _f2018-2-10 _g2 _lCCODEBUL1 _mBUL _p19.00 _r0 _sY _tBOOK _u2015-7-6 _xSALUD _PP33 _0COMPRA _o.STAFF. Colección General |
||
| 999 |
_a370.4053 C26 _wDEWEY _c53891 _i65319 _d53891 _e2018-11-19 _f2021-11-8 _g5 _lCCODEBUL1 _mBUL _n5 _p19.00 _q2 _r0 _sY _tBOOK _u2015-7-6 _xEDUCACION _PP33 _0COMPRA _o.STAFF. Colección General |
||
| 999 |
_a370.4053 C26 _wDEWEY _c2 _i65320 _d2019-10-17 _f2021-11-8 _g5 _lCCODEBUL1 _mBUL _p19.00 _q1 _r0 _sY _tBOOK _u2015-7-6 _xEDUCACION _PP33 _0COMPRA _o.STAFF. Colección General |
||
| 999 |
_a159.94 C26 2009 _wDEWEY _c1 _iFT02341 _d2018-4-13 _e2018-4-12 _f2019-2-20 _g1 _lCCODEBUT1 _mBUT _n4 _p26.00 _r0 _sY _tBOOK _u2015-10-13 _xSALUD _PP33 _0COMPRA _o.STAFF. Colección General |
||
| 980 |
_81 _gALBERTO SANCHEZ Responsable de Automatización |
||